Palestine 47, un partage avorté

Salvato in:
Dettagli Bibliografici
Autori principali: Gresh, Alain (Autore), Vidal, Dominique (Autore)
Natura: Libro
Lingua:francese
Pubblicazione: Bruselas Complexe 1994
Serie:Historiques, 113
Soggetti:
Tags: Aggiungi Tag
Nessun Tag, puoi essere il primo ad aggiungerne!!

MARC

LEADER 00000nam a2200000 a 4500
001 UCN7263
003 CL-VaPUC
008 011012e19940000BE |||||||||||||||||fre|d
082 0 4 |a 956.94  |b GRE  |2 21 
100 |a Gresh, Alain  |e author  |9 480393 
700 0 |a Vidal, Dominique  |e author  |9 463130 
245 1 0 |a Palestine 47, un partage avorté 
300 |a 283 p 
942 |c BK 
945 |d 20011012 00:00:00  |a crobeson 
260 |a Bruselas  |b Complexe  |c 1994 
650 7 |a HISTORIA DE PALESTINA 1947  |2 CL-VaPUC  |9 463131 
650 0 |a Arbitrajes internacionales  |9 463132 
650 7 |a GUERRA ARABE-ISRAELI  |2 CL-VaPUC  |9 463133 
651 0 |a Palestina  |9 324189 
583 |a last modification  |c 20011012 00:00:00  |k Rodrigo Vera 
490 0 |a Historiques, 113 
999 |c 297663  |d 297661 
952 |0 0  |1 0  |4 0  |6 956_940000000000000_GRE_1994  |7 0  |8 A  |9 352585  |a BIBHIS  |b BIBHIS  |d 2019-11-21  |i 3743608  |o 956.94 GRE 1994  |p 3743608  |r 2025-01-20  |w 2019-11-21  |y BK  |k HIS